000 00654nam a22001937a 4500
003 OSt
005 20250621030009.0
008 250621b |||||||| |||| 00| 0 eng d
020 _a978-406-180-8
040 _aDWCL - Main lib
_cOC
082 _aFil. 303.483 C764s 2018
100 _aContreras, Antonio P.
245 _aScience, technology and society:
_ba critical approach/
_cAntonio P. Contreras
260 _aManila , Philippines :
_b Mindshapers co. inc,
_cc2018.
300 _axi , 204 pages:
_b illustrations ;
_c23cm.
504 _aIncludes bibliographical references
650 _a1. Science - Social Aspects
942 _2ddc
_cBK - FIL
_kFil.
_n0
999 _c3218
_d3218